LIBRARY & INFORMATION CENTRE, KCAET, TAVANUR

ONLINE PUBLIC ACCESS CATALOGUE (OPAC)

India charithra kurippukal / (Record no. 5137)

MARC details
000 -LEADER
fixed length control field 00432cam a2200169ua 4500
041 ## - LANGUAGE CODE
Language code of text/sound track or separate title mal
082 ## - DEWEY DECIMAL CLASSIFICATION NUMBER
Classification number 954
Item number KAR/IN
100 ## - MAIN ENTRY--AUTHOR NAME
Personal name Karl marx, .
245 ## - TITLE STATEMENT
Title India charithra kurippukal /
260 ## - PUBLICATION, DISTRIBUTION, ETC. (IMPRINT)
Place of publication Ernamkulam :
Name of publisher Sarva desiya samskarika sahakarana kendram ,
Year of publication 1966.
300 ## - PHYSICAL DESCRIPTION
Number of Pages 260 ; .
942 ## - ADDED ENTRY ELEMENTS (KOHA)
Koha item type Books
Holdings
Withdrawn status Lost status Damaged status Home library Current library Date acquired Cost, normal purchase price Full call number Accession Number Koha item type
Withdrawn     KAUAET KAUAET 07/04/2012 1.00 954 1257 Books
free website counter